|
|
|
|
| LEADER |
00000nam a2200000 a 4500 |
| 001 |
UCW4808 |
| 003 |
CL-VaPUC |
| 008 |
900821e19890000CL |||||||||||||||||spa|d |
| 082 |
0 |
4 |
|a 371.83
|b MAT
|2 21
|
| 245 |
1 |
0 |
|a Material educativo para consejos de curso
|
| 300 |
|
|
|a Carpeta
|
| 942 |
|
|
|c BK
|
| 945 |
|
|
|d 19900821 00:00:00
|
| 260 |
|
|
|a Santiago
|b CIDE
|c 1989
|
| 650 |
|
7 |
|a ESTUDIANTES - CONSEJO DE CURSO
|2 CL-VaPUC
|9 309623
|
| 650 |
|
0 |
|a Actividades educativas
|9 308316
|
| 583 |
|
|
|a last modification
|c 19900821 00:00:00
|k Rodrigo Vera
|
| 999 |
|
|
|c 218421
|d 218419
|
| 952 |
|
|
|0 0
|1 0
|4 0
|6 371_830000000000000_MAT_1989
|7 0
|8 P
|9 207958
|a BIBEDU
|b BIBEDU
|c BIBEDU_PB
|d 2019-11-15
|i 2758075
|o 371.83 MAT 1989
|p 2758075
|r 2024-01-25
|w 2019-11-15
|y BK
|k EDU
|
| 952 |
|
|
|0 0
|1 0
|4 0
|6 371_830000000000000_MAT_1989
|7 0
|8 P
|9 207959
|a BIBEDU
|b BIBEDU
|c BIBEDU_PB
|d 2019-11-15
|i 2758083
|o 371.83 MAT 1989
|p 2758083
|r 2024-01-25
|w 2019-11-15
|y BK
|k EDU
|